LIBRARY & INFORMATION CENTRE, KCAET, TAVANUR

ONLINE PUBLIC ACCESS CATALOGUE (OPAC)

Amrutaveechi / (Record no. 12771)

MARC details
000 -LEADER
fixed length control field 00382cam a2200157ua 4500
041 ## - LANGUAGE CODE
Language code of text/sound track or separate title mal
082 ## - DEWEY DECIMAL CLASSIFICATION NUMBER
Classification number 894.8121
Item number CKP/AM
100 ## - MAIN ENTRY--AUTHOR NAME
Personal name C K P, .
245 ## - TITLE STATEMENT
Title Amrutaveechi /
250 ## - EDITION STATEMENT
Edition statement 1 /
260 ## - PUBLICATION, DISTRIBUTION, ETC. (IMPRINT)
Place of publication Quilon :
Name of publisher Sree Rama Vilasam Press & Book Depot ,
Year of publication 1962.
300 ## - PHYSICAL DESCRIPTION
Number of Pages 78 ; .
942 ## - ADDED ENTRY ELEMENTS (KOHA)
Koha item type Books
Holdings
Withdrawn status Lost status Damaged status Home library Current library Date acquired Cost, normal purchase price Full call number Accession Number Koha item type
Withdrawn     KAUAET KAUAET 07/04/2012 0.75 894.8121 1327 Books
free website counter